Countries with the largest homes - Statistics

General Stats
  • This quiz has been taken 30 times
  • The average score is 8 of 9
Answer Stats
Size in square feet Country % Correct
1,901 USA
100%
1,556 France
93%
1,477 Germany
93%
1,314 Spain
93%
1,590 UK
93%
2,032 Australia
89%
1,792 Canada
89%
1,288 Brazil
82%
1,416 Mexico
79%
No matching quizzes found
Score Distribution
Percent of People with Each Score
Percentile by Number Answered
Your Score History
You have not taken this quiz